00489nam a22001577a 450000500170000001000130001702000260003003500130005603700200006908200080008910000180009724500700011526000520018527000740023730000200031120240627143710.0 aB-759982 a9788184620689c350.00 aB-759982 bGift/25.06.2024 a323 aSorabjee,zena aThe right to be:bAn illustrated Children's book on human rights/ aMumbaibVakils, Feffer & simons pvt. ltd.c2013 aIndustry manor, appasaheb marathe marg, prabhadevibMumbaie400025 a164pbillc27cm